000 00954nam a2200253Ia 4500
003 OSt
005 20221005110456.0
006 a|||||r|||| 00| 0
007 ta
008 221004b |||||||| |||| 00| 0 hin d
020 _a9788121407533 (hbk)
_cINR 725.00
024 _a41487
037 _b305, 25/02/2019, Eastern Book Linkers
_cTextual
040 _aCRL
_cCRL
_bhin
041 _2hin
_ahin
082 _aO152,3N3716,ET, Q8
100 _aसत्यार्थी, गुणसागर, ले.
245 0 _aएक थी राय प्रवीण
246 _aEk thī rāya pravīṇa
260 _aनई दिल्ली
_bनेशनल पब्लिशिंग हाउस भारत
_c2018
300 _a265पृ0
_ccm.
942 _hO152,3N3716,ET, Q8
_cTEXL
_2cc
999 _c1018941
_d1018941